1980'li yıllarda Türkiye'de sosyal sınıflar ve bölüşüm/ (Record no. 12960)

MARC details
000 -BAŞLIK
Sabit Uzunlukta Kontrol Alanı 00767na a2200253 4500
999 ## - SİSTEM KONTROL NUMARALARI (KOHA)
Koha Biblionumber 12960
Koha Biblioitemnumber 12960
001 - KONTROL NUMARASI
Denetim Alanı 13395
003 - KONTROL NUMARASI IDENTIFIER
Denetim Alanı MIRAKIL
005 - SON İŞLEM TARİHİ VE ZAMANI
Denetim Alanı 20190315114620.0
008 - SABİT-BOY VERİ ELEMANLARI - GENEL BİLGİLER
Sabit Uzunlukta Kontrol Alanı 161003b tu 000 0
020 ## - ULUSLARARASI STANDART KİTAP NUMARASI
Uluslararası Standart Kitap Numarası 9755334440
040 ## - KATALOGLAMA KAYNAK
Orijinal Kataloglama Ajansı TR-AnCHP
Kataloglama Dili tur
Metne Dönüştürmek Ajansı TR-AnCHP
041 ## - DİL KODU
Metin / Ses Parça Veya Ayrı Başlığın Dil Kodu tur
082 ## - DEWEY ONLU SINIFLANDIRMA NUMARASI
Sınıflandırma Numarası 305.509561
Ürün Numarası B66b 2005
100 ## - ANA GİRİŞ - KİŞİSEL İSİM
Kişisel Ad Boratav, Korkut
245 ## - BAŞLIK TABLOSU
Başlık 1980'li yıllarda Türkiye'de sosyal sınıflar ve bölüşüm/
Sorumluluk Tablosu, Vb Korkut Boratav.
246 ## - UNVAN FORM VARYING
Başlık Doğru / Kısa Başlığı Türkiye'de sosyal sınıflar ve bölüşüm
250 ## - EDITION TABLOSU
Baskı Beyanı 2. bs.
260 ## - YAYIN, DAĞITIM, VB
Yayın, Dağıtım, Vb Yeri Ankara:
Yayıncı, Dağıtıcı, Vs Adı İmge Kitabevi
Yayın, Dağıtım, Vb Tarihi 2005
300 ## - FİZİKSEL TANIM
Kapsam 142 s.
Boyutlar 20 sm.
650 ## - KONU KATMA GİRİŞ - TOPİKAL DÖNEM
Topikal Süreli Veya Coğrafi Ad Giriş Elemanı Siyasal tarih
Genel Alt Bölümü Sosyal sınıflar
650 ## - KONU KATMA GİRİŞ - TOPİKAL DÖNEM
Topikal Süreli Veya Coğrafi Ad Giriş Elemanı Sınıf mücadelesi, 1980
Coğrafi Alt Bölümü Türkiye
650 ## - KONU KATMA GİRİŞ - TOPİKAL DÖNEM
Topikal Süreli Veya Coğrafi Ad Giriş Elemanı Toplumsal sınıflar
Genel Alt Bölümü 20. yüzyıl
942 ## - EKLENDİ GİRİŞ ELEMANLARI (KOHA)
Koha Öğesi Türü Books
Sınıflandırma Veya Raf Düzeni Kaynak Dewey Decimal Classification
Holdings
Kalıcı Konum Mevcut Konum Edinme Tarihi Toplam Check-Out'Lar Tam Çağrı Numarası Barkod Tarih Son Görülme İtibaren Geçerli Fiyatlar Koha Öğesi Türü
Parti Okulu Kütüphanesi Parti Okulu Kütüphanesi 03/15/2019   305.509561 B66b 2005 P00417 03/15/2019 03/15/2019 Books